| 000 | 01866cam a2200361 a 4500 | ||
|---|---|---|---|
| 001 | 13562 | ||
| 005 | 20260619070426.0 | ||
| 008 | 070228s2008 caua b 001 0 eng | ||
| 010 | _a 2007923794 | ||
| 020 | _a0495115851 | ||
| 020 | _a9780495115854 | ||
| 035 | _a14751124 | ||
| 040 |
_aDLC _cDLC _dDLC _dBSULIB |
||
| 043 | _an-us--- | ||
| 050 | 0 | 0 |
_aLB2805 _b.L82 2008 |
| 082 | 0 | 0 |
_a371.200973 _222 _bLUN |
| 100 | 1 |
_aLunenburg, Frederick C. _926527 |
|
| 245 | 1 | 0 |
_aEducational administration : _bconcepts and practices / _cFred C. Lunenburg, Allan C. Ornstein. |
| 250 | _a5th ed. | ||
| 260 |
_aBelmont, CA : _bWadsworth, _c2008. |
||
| 300 |
_axxv, 554 p. : _bill. ; _c26 cm. |
||
| 504 | _aIncludes bibliographical references and index. | ||
| 505 | _a--Development of administrative theory --Organizational structure --Organizational culture --Motivation --Leadership --Decision Making --Communication --Organizational change --The federal and state government and education --Local School Districts --School Finance and productivity --Legal considerations and education --Curriculum development and implementation --Analyzing and improving teaching --Human resources administration | ||
| 650 | 0 |
_aSchool management and organization _zUnited States. _916766 |
|
| 700 | 1 |
_aOrnstein, Allan C. _94159 |
|
| 856 | 4 | 2 |
_3Contributor biographical information _uhttp://www.loc.gov/catdir/enhancements/fy1104/2007923794-b.html |
| 856 | 4 | 2 |
_3Publisher description _uhttp://www.loc.gov/catdir/enhancements/fy1104/2007923794-d.html |
| 856 | 4 | 1 |
_3Table of contents only _uhttp://www.loc.gov/catdir/enhancements/fy1104/2007923794-t.html |
| 906 |
_a7 _bcbc _corignew _d2 _eepcn _f20 _gy-gencatlg |
||
| 942 |
_2ddc _cBK |
||
| 999 |
_c13562 _d13562 |
||